MARC

LEADER 00000nam0a2200000 4500
001 366032
005 20231102011837.0
035 |a (RuTPU)RU\TPU\retro\23395 
090 |a 366032 
100 |a 20220127d1979 km y0rusy50 ca 
101 1 |a rus  |c ger 
102 |a RU 
105 |a a z 001zy 
200 1 |a Атлас дефектов стали  |e пер. с нем.  |f пер. Е. Я. Капуткина ; под ред. М. Л. Бернштейна 
210 |a Москва  |c Металлургия  |d 1979 
215 |a 188 с.  |c ил. 
320 |a Библиогр.: с. 188 
606 1 |a Сталь  |x Дефекты  |2 stltpush  |3 (RuTPU)RU\TPU\subj\56254  |9 74167 
610 1 |a атласы 
610 1 |a слитки 
610 1 |a слябы 
610 1 |a заготовки 
610 1 |a трещины 
610 1 |a горячекатаная сталь 
610 1 |a толстолистовая сталь 
610 1 |a поковки 
610 1 |a штамповка 
610 1 |a складкообразование 
610 1 |a тонкие листы 
610 1 |a гнутые профили 
675 |a 669.14:620.19  |v 4 
702 1 |a Капуткин  |b Е. Я.  |4 730 
702 1 |a Бернштейн  |b М. Л.  |4 340 
801 1 |a RU  |b 63413507  |c 20220127 
942 |c BK